000 00543nam a2200169 i 4500
001 29503
003 ES-MaACL
005 20230906154039.0
007 t|
008 030122s1972 sp ||||1| spa d
100 1 _aBarceló Matutano, Gabriel.
_925520
245 1 3 _aEl dirigente del futuro /
_cGabriel Barceló Matutano.
260 _aMadrid :
_bAsociación para el Progreso de la Dirección,
_c[1972]
300 _a213 p. ;
_c23 cm.
710 2 _aAsociación para el Progreso de la Dirección.
_91775
852 _aES-MaACL
_jC-42603
_bR.81955
999 _c29503
_d29503